Statistics for Double T Answers

Click here to take the quiz!

General Stats

  • This quiz has been taken 20,319 times
    (10,029 since last reset)
  • The average score is 15 of 20

Answer Stats

Hint Answer % Correct
Canada's capitalOttawa
94%
City where Tom Hanks was "sleepless"Seattle
92%
Borough of New York CityManhattan
89%
Turkish empire dissolved in 1922Ottoman
87%
Casino game with a spinning wheelRoulette
85%
Website that gave us the hashtagTwitter
84%
Board game about sinking boatsBattleship
82%
Former name of KolkataCalcutta
77%
Most famous battle of the
American Civil War
Gettysburg
74%
O'Hara of "Gone With the Wind"Scarlett
72%
Crop that was "king" in the U.S. south
before the Civil War
Cotton
71%
Sign of the zodiac that is a centaurSagittarius
70%
Word whose French translation is "petit"Little
70%
Major port city of the NetherlandsRotterdam
69%
Mammal that uses rocks to break
open shellfish
Otter
64%
Famously pointy Alpine peakMatterhorn
60%
State-sponsored gambling sometimes
called a "tax on stupidity"
Lottery
60%
Boba or JangoFett
55%
Christmas flowerPoinsettia
53%
Peninsula of northwest FranceBrittany
48%

Score Distribution

Percentile by Number Answered

Percent of People with Each Score

Your Score History

You have not taken this quiz since the last reset